| 000 | 01336nam a22002297a 4500 | ||
|---|---|---|---|
| 999 |
_c22227 _d22227 |
||
| 003 | AR-CdUCM | ||
| 008 | 190425b ||||| |||| 00| 0 spa d | ||
| 040 |
_aMUNICIPALIDAD PROVINCIAL DEL CUSCO _cBIBLIOTECA MUNICIPAL DEL CUSCO |
||
| 082 | _aXullaka/N°1/1956 | ||
| 245 |
_aXullaka : _bórgano bimestral de la Asociación Cultural Xullaka / _cAsociación Cultural Xullaka, Enrique Miranda C. Director |
||
| 260 |
_aJuliaca. _aCusco. _bH.G. Rozas, _c1956. |
||
| 300 |
_a24 páginas. : _bilustraciones ; _c28 cm. |
||
| 440 |
_aXullaka. _nAño I, N°1, 24 de octubre 1956. _947683 |
||
| 505 | _aContenido: Horizonte juliaqueño. -- Ricardo Palma. -- Acuarela. -- El Sur del Perú Comunista. -- Esperanza para un pueblo. -- Juliaca y la feria del 24 de setiembre. -- Lira Juliaca. -- El Inciensero .- La plaza de Santa Catalina y sus tradicionales domingos. -- El Toccoro. -- Matico de la vida costumbrista del altiplano. -- El problema del hambre en el país. -- El colegio Elena de Santa María. -- Colegio franciscano San Román de Juliaca. -- Frigidez intelectual. -- Juliaca síntesis monográfica. | ||
| 650 |
_aHistoria Juliaca _947684 |
||
| 650 |
_aFolklore _947685 |
||
| 650 |
_aRevista Juliaca _947686 |
||
| 700 |
_aBustamante Luza, Carlos _947687 |
||
| 700 |
_aParada Manrique, José _914984 |
||
| 942 |
_2ddc _cPP |
||
| 945 | _arac | ||